| 000 | 00525nam a2200193Ia 4500 | ||
|---|---|---|---|
| 005 | 20250326141238.0 | ||
| 008 | 250326s9999 xx 000 0 und d | ||
| 020 | _a81-7240-049-7 | ||
| 037 | _aTextbook | ||
| 040 |
_aFMSL _beng _cFMSL |
||
| 041 |
_aeng _2eng |
||
| 084 |
_aX8(A).42 N4 _qFMSL |
||
| 100 | _aMajumder S | ||
| 245 | 0 |
_aDoing business with Japan _cMajumder S |
|
| 260 |
_aDelhi _bDelhi, Global Business Press _c1994 |
||
| 300 | _a238p | ||
| 942 |
_cTB _hX8(A).42 N4 |
||
| 999 |
_c1289414 _d1289414 |
||